<?xml version="1.0" encoding="UTF-8"?>
<record
    xmlns:xsi="http://www.w3.org/2001/XMLSchema-instance"
    xsi:schemaLocation="http://www.loc.gov/MARC21/slim http://www.loc.gov/standards/marcxml/schema/MARC21slim.xsd"
    xmlns="http://www.loc.gov/MARC21/slim">

  <leader>02224nam a2200385 i 4500</leader>
  <controlfield tag="001">000045176</controlfield>
  <controlfield tag="003">DO-SdBNP</controlfield>
  <controlfield tag="005">20250513095937.0</controlfield>
  <controlfield tag="007">ta</controlfield>
  <controlfield tag="008">150206s2013    dr ao  gr     001 0bspa d</controlfield>
  <datafield tag="020" ind1=" " ind2=" ">
    <subfield code="a">9789945475647</subfield>
  </datafield>
  <datafield tag="040" ind1=" " ind2=" ">
    <subfield code="a">DO-SdBNP</subfield>
    <subfield code="b">spa</subfield>
    <subfield code="c">BNPHU</subfield>
    <subfield code="e">rda</subfield>
  </datafield>
  <datafield tag="041" ind1=" " ind2=" ">
    <subfield code="a">spa</subfield>
  </datafield>
  <datafield tag="082" ind1=" " ind2="4">
    <subfield code="a">RD863.44</subfield>
    <subfield code="b">C764p</subfield>
    <subfield code="2">22</subfield>
  </datafield>
  <datafield tag="100" ind1="1" ind2=" ">
    <subfield code="a">Contreras, Hilma,</subfield>
    <subfield code="d">1913-2006</subfield>
    <subfield code="9">14873</subfield>
    <subfield code="e">autor</subfield>
    <subfield code="4">aut.</subfield>
  </datafield>
  <datafield tag="245" ind1="1" ind2="3">
    <subfield code="a">El poder de unas l&#xE1;grimas : </subfield>
    <subfield code="b">y varios cuentos m&#xE1;s /</subfield>
    <subfield code="c">Hilma Contreras ; pr&#xF3;logo, Ylonka Nacidit-Perdomo; selecci&#xF3;n y edici&#xF3;n Le&#xF3;n F&#xE9;lix Batista.</subfield>
  </datafield>
  <datafield tag="264" ind1=" " ind2="4">
    <subfield code="a">Santo Domingo :</subfield>
    <subfield code="b">Direcci&#xF3;n General de la Feria del Libro,</subfield>
    <subfield code="c">&#xA9;2013.</subfield>
  </datafield>
  <datafield tag="300" ind1=" " ind2=" ">
    <subfield code="a">100 p&#xE1;ginas</subfield>
    <subfield code="b">ilustraciones, retratos ;</subfield>
    <subfield code="c">27 cm.</subfield>
  </datafield>
  <datafield tag="336" ind1=" " ind2=" ">
    <subfield code="a">texto</subfield>
    <subfield code="b">txt</subfield>
    <subfield code="2">rdacontent</subfield>
  </datafield>
  <datafield tag="337" ind1=" " ind2=" ">
    <subfield code="a">sin mediaci&#xF3;n</subfield>
    <subfield code="b">n</subfield>
    <subfield code="2">rdamedia</subfield>
  </datafield>
  <datafield tag="338" ind1=" " ind2=" ">
    <subfield code="a">volumen</subfield>
    <subfield code="b">nc</subfield>
    <subfield code="2">rdacarrier</subfield>
  </datafield>
  <datafield tag="500" ind1=" " ind2=" ">
    <subfield code="a">Incluye referencias bibliogr&#xE1;ficas y notas al pie de las  p&#xE1;ginas.</subfield>
  </datafield>
  <datafield tag="500" ind1=" " ind2=" ">
    <subfield code="a">Libro de pasta dura. </subfield>
  </datafield>
  <datafield tag="500" ind1=" " ind2=" ">
    <subfield code="a">Digitaci&#xF3;n de los textos: Biblioteca Nacional Pedro Henr&#xED;quez Ure&#xF1;a.</subfield>
  </datafield>
  <datafield tag="505" ind1="0" ind2=" ">
    <subfield code="a">Los misterios de Hilma Contreras / </subfield>
    <subfield code="r">Ylonka Nacidit-Perdomo.--</subfield>
    <subfield code="t">Plenitud --</subfield>
    <subfield code="t">La cabellera -- </subfield>
    <subfield code="t">El incendio --</subfield>
    <subfield code="t">Can&#xED;cula --</subfield>
    <subfield code="t">El cumplea&#xF1;os de Vitalina -- </subfield>
    <subfield code="t">Los buenos se van --</subfield>
    <subfield code="t">Chorrera abajo --</subfield>
    <subfield code="t">D&#xED;as sin luz -- </subfield>
    <subfield code="t">Pu&#xF1;ados de  dolor --</subfield>
    <subfield code="t">General o ceniza --</subfield>
    <subfield code="t">El poder de unas l&#xE1;grimas --</subfield>
    <subfield code="t">Ap&#xE9;ndice : </subfield>
    <subfield code="t">Carta a Silvia Hilcon  (pseudonimo de Hilma Contreras /</subfield>
    <subfield code="r">Juan Bosch.--</subfield>
    <subfield code="t">La joven Hilma Contreras : notas a su biograf&#xED;a / </subfield>
    <subfield code="r">Ylonka Nacidit-Perdomo.--</subfield>
    <subfield code="t">Hilma Contreras Castillo, bibliograf&#xED;as activa y pasiva / </subfield>
    <subfield code="r">Franklin Guti&#xE9;rrez --</subfield>
    <subfield code="t">Algunas opiniones cr&#xED;ticas sobre la obra de Hilma Contreras / </subfield>
    <subfield code="r">Recopilaci&#xF3;n de Ylonka Nacidit-Perdomo.</subfield>
    <subfield code="g"> </subfield>
  </datafield>
  <datafield tag="590" ind1=" " ind2=" ">
    <subfield code="a">Inventariado 2021 / MF</subfield>
  </datafield>
  <datafield tag="600" ind1="1" ind2="4">
    <subfield code="9">57078</subfield>
    <subfield code="a">Contreras, Hilma,</subfield>
    <subfield code="d">1910-2006</subfield>
    <subfield code="x">Cr&#xED;tica e Interpretaci&#xF3;n</subfield>
  </datafield>
  <datafield tag="650" ind1=" " ind2="4">
    <subfield code="9">35459</subfield>
    <subfield code="a">Cuentos dominicanos </subfield>
  </datafield>
  <datafield tag="650" ind1=" " ind2="0">
    <subfield code="a">Literatura dominicana</subfield>
    <subfield code="9">80471</subfield>
  </datafield>
  <datafield tag="700" ind1=" " ind2=" ">
    <subfield code="a">Nacidit-Perdomo, Ylonka,</subfield>
    <subfield code="d">1965-</subfield>
    <subfield code="e">prologuista</subfield>
    <subfield code="9">24277</subfield>
    <subfield code="4">prol.</subfield>
  </datafield>
  <datafield tag="700" ind1="1" ind2=" ">
    <subfield code="a">Batista, Le&#xF3;n F&#xE9;lix,</subfield>
    <subfield code="d">1964-</subfield>
    <subfield code="e">editor</subfield>
    <subfield code="9">12031</subfield>
    <subfield code="4">ed.</subfield>
  </datafield>
  <datafield tag="710" ind1="1" ind2=" ">
    <subfield code="a">Rep&#xFA;blica Dominicana. Direcci&#xF3;n General de la Feria del Libro</subfield>
    <subfield code="9">80423</subfield>
  </datafield>
  <datafield tag="910" ind1=" " ind2=" ">
    <subfield code="a">MFeliz/Validado. Control de calidad MFF</subfield>
  </datafield>
  <datafield tag="942" ind1=" " ind2=" ">
    <subfield code="2">ddc</subfield>
    <subfield code="c">LBS1</subfield>
  </datafield>
  <datafield tag="952" ind1=" " ind2=" ">
    <subfield code="0">0</subfield>
    <subfield code="1">0</subfield>
    <subfield code="2">ddc</subfield>
    <subfield code="5">1</subfield>
    <subfield code="7">0</subfield>
    <subfield code="8">PD</subfield>
    <subfield code="a">BNPHU</subfield>
    <subfield code="b">PD</subfield>
    <subfield code="c">HD</subfield>
    <subfield code="d">2023-12-01</subfield>
    <subfield code="e">Donado por la Presidencia de la Rep&#xFA;blica Dominicana 2023</subfield>
    <subfield code="l">0</subfield>
    <subfield code="o">BNPHU PD RD863.44 C764p</subfield>
    <subfield code="p">2021-27582</subfield>
    <subfield code="r">2020-06-25</subfield>
    <subfield code="t">e.2</subfield>
    <subfield code="w">2020-06-25</subfield>
    <subfield code="y">LBS1</subfield>
    <subfield code="z">Perteneci&#xF3; a la biblioteca personal de Ren&#xE9; Rodr&#xED;guez Soriano</subfield>
  </datafield>
  <datafield tag="952" ind1=" " ind2=" ">
    <subfield code="0">0</subfield>
    <subfield code="1">0</subfield>
    <subfield code="2">ddc</subfield>
    <subfield code="5">6</subfield>
    <subfield code="7">0</subfield>
    <subfield code="8">DS</subfield>
    <subfield code="a">BNPHU</subfield>
    <subfield code="b">BNPHU</subfield>
    <subfield code="c">HD</subfield>
    <subfield code="d">2015-01-06</subfield>
    <subfield code="e">Dep&#xF3;sito legal / Editora Nacional</subfield>
    <subfield code="l">0</subfield>
    <subfield code="o">BNPHU DS RD863.44 C764p</subfield>
    <subfield code="p">2021-27583</subfield>
    <subfield code="r">2020-06-25</subfield>
    <subfield code="t">e.3</subfield>
    <subfield code="w">2020-06-25</subfield>
    <subfield code="y">LBS1</subfield>
  </datafield>
  <datafield tag="952" ind1=" " ind2=" ">
    <subfield code="0">0</subfield>
    <subfield code="1">0</subfield>
    <subfield code="2">ddc</subfield>
    <subfield code="5">6</subfield>
    <subfield code="7">0</subfield>
    <subfield code="8">DS</subfield>
    <subfield code="a">BNPHU</subfield>
    <subfield code="b">BNPHU</subfield>
    <subfield code="c">HD</subfield>
    <subfield code="d">2015-01-27</subfield>
    <subfield code="e">Dep&#xF3;sito legal / Editora Nacional</subfield>
    <subfield code="l">0</subfield>
    <subfield code="o">BNPHU DS RD863.44 C764p</subfield>
    <subfield code="p">2021-27584</subfield>
    <subfield code="r">2020-06-25</subfield>
    <subfield code="t">e.4</subfield>
    <subfield code="w">2020-06-25</subfield>
    <subfield code="y">LBS1</subfield>
  </datafield>
  <datafield tag="952" ind1=" " ind2=" ">
    <subfield code="0">0</subfield>
    <subfield code="1">0</subfield>
    <subfield code="2">ddc</subfield>
    <subfield code="5">1</subfield>
    <subfield code="7">0</subfield>
    <subfield code="8">PD</subfield>
    <subfield code="a">BNPHU</subfield>
    <subfield code="b">PD</subfield>
    <subfield code="c">HD</subfield>
    <subfield code="d">2021-08-26</subfield>
    <subfield code="e">Doando por Aimec Flores Jimini&#xE1;n</subfield>
    <subfield code="l">0</subfield>
    <subfield code="o">BNPHU PD RD863.44 C764p</subfield>
    <subfield code="p">2021-27581</subfield>
    <subfield code="r">2021-10-22</subfield>
    <subfield code="w">2021-10-22</subfield>
    <subfield code="y">LBS1</subfield>
  </datafield>
  <datafield tag="999" ind1=" " ind2=" ">
    <subfield code="c">44665</subfield>
    <subfield code="d">44665</subfield>
  </datafield>
</record>
